| 000 | 00499nam a22001937a 4500 | ||
|---|---|---|---|
| 003 | OSt | ||
| 005 | 20140310182758.0 | ||
| 008 | 130209t xxu||||| |||| 00| 0 eng d | ||
| 020 | _a8185386994 | ||
| 050 |
_aHJ 141 _b.H414 2004 |
||
| 100 | _aHerber, Bernard | ||
| 245 |
_aModern public finance _cBernard P. Herber |
||
| 260 |
_aHomewood, Ill : _bRichard D. Irwin, _c2004. |
||
| 300 |
_axvi, 535 p. : _bill ; _c21 cm. |
||
| 521 | _aBSBA | ||
| 562 | _e1 | ||
| 942 |
_2lcc _cBK _kFOR |
||
| 999 |
_c15902 _d15902 |
||